[Event "British Rapidplay"]
[Site "Peterborough"]
[Date "2025.03.01"]
[Round "5.36"]
[White "Dicen, Elis Denele"]
[Black "Murawski, Jan"]
[Result "0-1"]
[WhiteElo "2129"]
[BlackElo "2079"]
[PlyCount "150"]
[EventDate "2025.03.01"]
[EventType "swiss (rapid)"]
[EventRounds "11"]
[EventCountry "ENG"]
[SourceTitle "BritBase"]
[Source "John Saunders"]
[SourceDate "2025.03.03"]
[SourceVersion "1"]
[SourceVersionDate "2025.03.03"]
[SourceQuality "2"]

1. d4 Nf6 2. c4 e6 3. g3 d5 4. Bg2 dxc4 5. Nf3 Bb4+ 6. Nbd2 O-O 7. O-O c3 8. Nb3 Bd7 9. a3 cxb2 10. Bxb2 Be7 11. Ne5 Nc6 12. Nd3 Be8 13. Rc1 a5 14. e3 a4 15. Nbc5 Ra7 16. Qe2 Na5 17. Rfd1 Bb5 18. Qe1 b6 19. Ne4 Nxe4 20. Bxe4 Nc4 21. Rc3 Nxb2 22. Nxb2 Qb8 23. Rb1 Bd7 24. Nc4 Bf6 25. Nd2 Qd8 26. Rc2 Qe7 27. Qc1 Be8 28. f4 g6 29. Bg2 Qd6 30. Ne4 Qe7 31. Nxf6+ Qxf6 32. Rxc7 Rxc7 33. Qc4 Rc5 34. Qxc5 b5 35. Qc7 Qf5 36. Rb4 Qg4 37. Qc3 Qe2 38. Rb1 Qa2 39. Re1 Bd7 40. Qb4 Qc2 41. Qd6 Qc3 42. Kf2 Bc8 43. Re2 e5 44. dxe5 Bg4 45. Rd2 Rc8 46. h3 Be6 47. Qd3 Qxd3 48. Rxd3 Rc2+ 49. Kf3 Bb3 50. Rd8+ Kg7 51. Bf1 Ra2 52. Bxb5 Rxa3 53. Rd7 Ra1 54. Ra7 a3 55. g4 a2 56. e6 Bxe6 57. f5 gxf5 58. gxf5 Bd5+ 59. e4 Bxe4+ 60. Kxe4 Re1+ 61. Kf4 a1=Q 62. Rxa1 Rxa1 63. Be2 Kf6 64. Bg4 Ra4+ 65. Kg3 Kg5 66. h4+ Kf6 67. Kf3 Ke5 68. Bh5 Rf4+ 69. Kg3 Rxf5 70. Bg4 Rf4 71. h5 Ra4 72. h6 f5 73. Bh5 Kf6 74. Bf3 Kg5 75. Kg2 Kxh6 0-1

[Event "British Rapidplay"]
[Site "Peterborough"]
[Date "2025.03.01"]
[Round "5.37"]
[White "Hng, Mei-Xian Eunice"]
[Black "Zhang, Junyi"]
[Result "0-1"]
[WhiteElo "2066"]
[BlackElo "2152"]
[PlyCount "50"]
[EventDate "2025.03.01"]
[EventType "swiss (rapid)"]
[EventRounds "11"]
[EventCountry "ENG"]
[SourceTitle "BritBase"]
[Source "John Saunders"]
[SourceDate "2025.03.03"]
[SourceVersion "1"]
[SourceVersionDate "2025.03.03"]
[SourceQuality "2"]

1. Nf3 d5 2. c4 e6 3. d4 Nf6 4. Nc3 dxc4 5. e4 Bb4 6. e5 Nd5 7. Qc2 Nb6 8. a3 Be7 9. Bxc4 Nxc4 10. Qa4+ Qd7 11. Qxc4 b6 12. b4 Bb7 13. O-O O-O 14. Qe2 Nc6 15. Be3 Bd8 16. Rfd1 Ne7 17. Ng5 Nd5 18. Nge4 Nxc3 19. Nxc3 Qc6 20. Qg4 Qxc3 21. Bh6 g6 22. Bxf8 Kxf8 23. h4 Qc6 24. Re1 h5 25. Qf4 Qxg2# 0-1

[Event "British Rapidplay"]
[Site "Peterborough"]
[Date "2025.03.01"]
[Round "5.38"]
[White "Birtwistle, Nigel"]
[Black "Nezis, Anastasios"]
[Result "1-0"]
[WhiteElo "2025"]
[BlackElo "1891"]
[PlyCount "75"]
[EventDate "2025.03.01"]
[EventType "swiss (rapid)"]
[EventRounds "11"]
[EventCountry "ENG"]
[SourceTitle "BritBase"]
[Source "John Saunders"]
[SourceDate "2025.03.03"]
[SourceVersion "1"]
[SourceVersionDate "2025.03.03"]
[SourceQuality "2"]

1. e4 c5 2. Nc3 d6 3. Nf3 e6 4. d4 cxd4 5. Qxd4 Nc6 6. Qd2 Nf6 7. b3 Be7 8. Bb2 O-O 9. O-O-O a6 10. Nd4 Bd7 11. f3 Rc8 12. g4 Nxg4 13. Nxc6 Rxc6 14. Rg1 Ne5 15. Be2 Qc7 16. f4 Ng6 17. Bd3 Bf6 18. e5 Be7 19. Ne4 d5 20. Ng3 Nh4 21. Qe2 Rc8 22. Kb1 g6 23. Nh5 Qd8 24. Nf6+ Bxf6 25. exf6 Qf8 26. Be5 Nf5 27. c3 b5 28. Bxf5 exf5 29. Rxd5 Be6 30. Rd3 b4 31. c4 Bxc4 32. bxc4 Rxc4 33. Rgd1 h6 34. Qd2 Qc5 35. Rd5 Qc6 36. Rd8+ Kh7 37. Rxc8 Qxc8 38. Rc1 1-0

[Event "British Rapidplay"]
[Site "Peterborough"]
[Date "2025.03.01"]
[Round "5.39"]
[White "Bowers, Francis J"]
[Black "Davison, Chris"]
[Result "0-1"]
[WhiteElo "1820"]
[BlackElo "1997"]
[PlyCount "104"]
[EventDate "2025.03.01"]
[EventType "swiss (rapid)"]
[EventRounds "11"]
[EventCountry "ENG"]
[SourceTitle "BritBase"]
[Source "John Saunders"]
[SourceDate "2025.03.03"]
[SourceVersion "1"]
[SourceVersionDate "2025.03.03"]
[SourceQuality "2"]

1. e4 c6 2. d4 d5 3. exd5 cxd5 4. c4 Nf6 5. Nc3 Nc6 6. Nf3 a6 7. c5 g6 8. Bd3 Bg7 9. O-O Bg4 10. Be3 O-O 11. h3 Bxf3 12. Qxf3 e5 13. dxe5 Nxe5 14. Qe2 d4 15. Rad1 dxe3 16. Qxe3 Nxd3 17. Rxd3 Qc7 18. Rfd1 Rfe8 19. Qd4 Ne4 20. Qc4 Qxc5 21. Qxe4 Rxe4 22. Nxe4 Qe7 23. f3 Rc8 24. Rd7 Qb4 25. Nd6 Qb6+ 26. Kh1 Rd8 27. Nc4 Rxd7 28. Rxd7 Qe6 29. Rd8+ Bf8 30. b3 b5 31. Nd2 f5 32. f4 Kf7 33. Nf3 Be7 34. Ne5+ Qxe5 35. fxe5 Bxd8 36. a4 Ke6 37. axb5 axb5 38. g4 fxg4 39. hxg4 Kxe5 40. Kg2 Kd4 41. Kf3 Kc3 42. Ke4 Kxb3 43. Kd5 b4 44. Ke6 h5 45. gxh5 gxh5 46. Kf5 Kc2 47. Kf4 b3 48. Kg3 b2 49. Kf3 b1=Q 50. Kg3 Qg1+ 51. Kf3 Qg4+ 52. Ke3 Bb6# 0-1

[Event "British Rapidplay"]
[Site "Peterborough"]
[Date "2025.03.01"]
[Round "5.40"]
[White "Ansari, Athar"]
[Black "Davies, Peter L"]
[Result "1-0"]
[WhiteElo "1954"]
[BlackElo "1895"]
[PlyCount "133"]
[EventDate "2025.03.01"]
[EventType "swiss (rapid)"]
[EventRounds "11"]
[EventCountry "ENG"]
[SourceTitle "BritBase"]
[Source "John Saunders"]
[SourceDate "2025.03.03"]
[SourceVersion "1"]
[SourceVersionDate "2025.03.03"]
[SourceQuality "2"]

1. d4 Nf6 2. Nf3 g6 3. Bf4 Bg7 4. e3 O-O 5. Be2 d6 6. O-O b6 7. c4 Bb7 8. Nc3 Nh5 9. Bg3 Nd7 10. Bh4 h6 11. Nd2 Nhf6 12. Bf3 Bxf3 13. Nxf3 c5 14. Qe2 g5 15. Bg3 Nh5 16. Rfd1 Nxg3 17. hxg3 f5 18. Rac1 Nf6 19. e4 cxd4 20. Nxd4 Nxe4 21. Ne6 Nxc3 22. bxc3 Qd7 23. Nxf8 Rxf8 24. Qf3 Qa4 25. Qd5+ Kh8 26. Re1 Be5 27. Rxe5 dxe5 28. Qxe5+ Kg8 29. Qe6+ Rf7 30. Qxh6 g4 31. Qg6+ Kf8 32. Qe6 Rf6 33. Qc8+ Kf7 34. Re1 Qc6 35. Qh8 Qd6 36. Qh7+ Ke8 37. Qg8+ Rf8 38. Qd5 Rf6 39. Re5 Qxd5 40. cxd5 b5 41. d6 Rxd6 42. Rxf5 Rc6 43. Rxb5 Rxc3 44. Rb2 Ra3 45. Kf1 Kf7 46. Ke2 Kf6 47. Kd2 Kf5 48. Kc2 e5 49. Kb1 Rd3 50. Rc2 e4 51. Rc5+ Kf6 52. Kc2 Rd7 53. Ra5 Kg6 54. Re5 Rf7 55. Rxe4 Rxf2+ 56. Kb3 Kf5 57. Re7 Rxg2 58. Rxa7 Rxg3+ 59. Kc4 Rh3 60. Kd4 g3 61. Ke3 Rh6 62. Kf3 Rg6 63. Ra5+ Kf6 64. Ra6+ Kf7 65. Rxg6 Kxg6 66. a4 Kf5 67. a5 1-0

[Event "British Rapidplay"]
[Site "Peterborough"]
[Date "2025.03.01"]
[Round "5.41"]
[White "Vaidyanathan, Adithya"]
[Black "Cheng, Louis"]
[Result "1-0"]
[WhiteElo "2037"]
[BlackElo "2015"]
[PlyCount "129"]
[EventDate "2025.03.01"]
[EventType "swiss (rapid)"]
[EventRounds "11"]
[EventCountry "ENG"]
[SourceTitle "BritBase"]
[Source "John Saunders"]
[SourceDate "2025.03.03"]
[SourceVersion "1"]
[SourceVersionDate "2025.03.03"]
[SourceQuality "2"]

1. d4 Nf6 2. Nf3 g6 3. c4 Bg7 4. Nc3 d5 5. cxd5 Nxd5 6. e4 Nxc3 7. bxc3 c5 8. Be3 Qa5 9. Qd2 O-O 10. Be2 Nc6 11. e5 cxd4 12. cxd4 Qxd2+ 13. Nxd2 Be6 14. O-O Rfd8 15. Nf3 Rac8 16. a3 f6 17. exf6 Bxf6 18. Rfd1 Bd5 19. Rab1 b6 20. Ba6 Rc7 21. Bf4 Rcd7 22. Ne5 Bxe5 23. dxe5 e6 24. Bb5 Rf8 25. Bh6 Rfd8 26. Bg5 Rc8 27. f4 Rdc7 28. Ba6 Rf8 29. Rbc1 Rcf7 30. Rxd5 Nb8 31. Bc4 exd5 32. Bxd5 Kg7 33. Bxf7 Rxf7 34. e6 Rf8 35. Rc7+ Kg8 36. Rxa7 Nc6 37. Rb7 Re8 38. e7 h6 39. Bh4 g5 40. fxg5 Nxe7 41. gxh6 Ng6 42. h7+ Kf8 43. Bf6 Re6 44. Bg7+ Ke8 45. h8=Q+ Nxh8 46. Bxh8 Re3 47. Rxb6 Rxa3 48. h4 Kf7 49. h5 Ra8 50. Bd4 Ra4 51. Rf6+ Ke7 52. Rf4 Ra6 53. Rh4 Kf7 54. h6 Ra8 55. h7 Ke6 56. h8=Q Rxh8 57. Bxh8 Kd5 58. g4 Ke6 59. g5 Kf7 60. Bf6 Kg6 61. Rh6+ Kf7 62. Bc3 Kg8 63. g6 Kf8 64. Rh7 Kg8 65. Rh8# 1-0

[Event "British Rapidplay"]
[Site "Peterborough"]
[Date "2025.03.01"]
[Round "5.42"]
[White "Lee, Yuk Hei"]
[Black "Tanmay, Chopra"]
[Result "0-1"]
[WhiteElo "1877"]
[BlackElo "2357"]
[PlyCount "150"]
[EventDate "2025.03.01"]
[EventType "swiss (rapid)"]
[EventRounds "11"]
[EventCountry "ENG"]
[SourceTitle "BritBase"]
[Source "John Saunders"]
[SourceDate "2025.03.03"]
[SourceVersion "1"]
[SourceVersionDate "2025.03.03"]
[SourceQuality "2"]

1. e4 c5 2. Nc3 Nc6 3. Nf3 d6 4. Bb5 Bd7 5. a4 Nf6 6. O-O e5 7. h3 h6 8. d3 g5 9. Nh2 Qc8 10. Be3 Bg7 11. Bc4 O-O 12. Qd2 Ne7 13. h4 gxh4 14. Bxh6 Be6 15. Bxg7 Kxg7 16. Qg5+ Ng6 17. Bxe6 fxe6 18. Ne2 Rh8 19. Ng4 Qd8 20. f4 Nh5 21. Qxd8 Raxd8 22. fxe5 dxe5 23. Rab1 c4 24. dxc4 Rd2 25. Rf2 Rf8 26. Nc3 Rfxf2 27. Nxf2 Rxc2 28. Nb5 Ngf4 29. b3 a6 30. Nd6 Ng3 31. Nxb7 Nfe2+ 32. Kh2 Nc3 33. Re1 Rxf2 34. Kh3 Nge2 35. Nc5 Nf4+ 36. Kg4 Rxg2+ 37. Kxh4 Ng6+ 38. Kh3 Nf4+ 39. Kh4 Nce2 40. Rf1 Ng6+ 41. Kh3 Nef4+ 42. Rxf4 Nxf4+ 43. Kh4 Ng6+ 44. Kh3 Nf4+ 45. Kh4 Rb2 46. Kg4 a5 47. Kf3 Kf7 48. Kg4 Ke7 49. Nb7 Rxb3 50. Nxa5 Rc3 51. Kg5 Rg3+ 52. Kh4 Rc3 53. Kg4 Ne2 54. Kh4 Nd4 55. Kg4 Ra3 56. c5 Rxa4 57. Nb7 Nc6 58. Kf3 Rb4 59. Nd6 Rb3+ 60. Kf2 Rc3 61. Nb7 Kd7 62. Ke2 Kc7 63. Nd6 Rxc5 64. Ke3 Kxd6 65. Kd3 Nd4 66. Ke3 Rc3+ 67. Kd2 Rh3 68. Kd1 Rh2 69. Ke1 Kc5 70. Kf1 Kc4 71. Kg1 Ra2 72. Kf1 Kd3 73. Ke1 Ke3 74. Kf1 Nc6 75. Kg1 Kf3 0-1

[Event "British Rapidplay"]
[Site "Peterborough"]
[Date "2025.03.01"]
[Round "5.43"]
[White "Fearnhead, Benjamin"]
[Black "Patel, Zain"]
[Result "0-1"]
[WhiteElo "1881"]
[BlackElo "2079"]
[PlyCount "54"]
[EventDate "2025.03.01"]
[EventType "swiss (rapid)"]
[EventRounds "11"]
[EventCountry "ENG"]
[SourceTitle "BritBase"]
[Source "John Saunders"]
[SourceDate "2025.03.03"]
[SourceVersion "1"]
[SourceVersionDate "2025.03.03"]
[SourceQuality "2"]

1. Nc3 d5 2. e4 dxe4 3. d3 exd3 4. Bxd3 Nf6 5. Bg5 h6 6. Bh4 e6 7. Qe2 Nbd7 8. O-O-O Be7 9. Nf3 O-O 10. Ne5 Nd5 11. Bxe7 Qxe7 12. Nxd5 exd5 13. Nxd7 Qg5+ 14. Kb1 Bxd7 15. h4 Qf6 16. f3 Bf5 17. g4 Bxd3 18. Rxd3 Rfe8 19. Qd2 c6 20. g5 Qe6 21. Rg1 h5 22. f4 Qe2 23. Qc3 Qf2 24. Rdg3 d4 25. Qd3 Re1+ 26. Qd1 Rxd1+ 27. Rxd1 Qxg3 0-1

[Event "British Rapidplay"]
[Site "Peterborough"]
[Date "2025.03.01"]
[Round "5.44"]
[White "Brett, Andrew R"]
[Black "Ekram, Itmam"]
[Result "1-0"]
[WhiteElo "2060"]
[BlackElo "1610"]
[PlyCount "89"]
[EventDate "2025.03.01"]
[EventType "swiss (rapid)"]
[EventRounds "11"]
[EventCountry "ENG"]
[SourceTitle "BritBase"]
[Source "John Saunders"]
[SourceDate "2025.03.03"]
[SourceVersion "1"]
[SourceVersionDate "2025.03.03"]
[SourceQuality "2"]

1. d4 d5 2. c4 e6 3. Nc3 Nf6 4. cxd5 exd5 5. Bg5 Be7 6. e3 h6 7. Bh4 Nc6 8. Bd3 Be6 9. Nge2 Nh5 10. Bxe7 Qxe7 11. O-O Nf6 12. Nf4 O-O 13. Nxe6 fxe6 14. f4 a6 15. Rc1 Rac8 16. Na4 Nd7 17. Bb1 Qf6 18. Qd3 Qf5 19. Qb3 Qf7 20. Qxb7 Ncb8 21. Rxc7 Rxc7 22. Qxc7 Nf6 23. Qxf7+ Rxf7 24. Nc5 Re7 25. Bd3 a5 26. a3 Nfd7 27. b4 axb4 28. axb4 Nxc5 29. dxc5 Kf8 30. Ra1 e5 31. Ra8 Re8 32. fxe5 Kf7 33. b5 Ke6 34. c6 Rc8 35. Rxb8 Rxb8 36. c7 Rc8 37. b6 Kd7 38. Bf5+ Kc6 39. Bxc8 Kxb6 40. Be6 Kxc7 41. Bxd5 Kd7 42. Kf2 Ke7 43. Kf3 g5 44. Kg4 h5+ 45. Kxg5 1-0

[Event "British Rapidplay"]
[Site "Peterborough"]
[Date "2025.03.01"]
[Round "5.45"]
[White "Graff, Ben"]
[Black "Yoon, Jacob D"]
[Result "0-1"]
[WhiteElo "1800"]
[BlackElo "2251"]
[PlyCount "58"]
[EventDate "2025.03.01"]
[EventType "swiss (rapid)"]
[EventRounds "11"]
[EventCountry "ENG"]
[SourceTitle "BritBase"]
[Source "John Saunders"]
[SourceDate "2025.03.03"]
[SourceVersion "1"]
[SourceVersionDate "2025.03.03"]
[SourceQuality "2"]

1. e4 c6 2. d4 d5 3. exd5 cxd5 4. Bd3 Nc6 5. c3 Nf6 6. Nf3 Bg4 7. h3 Bh5 8. Qe2 e6 9. Bg5 Bd6 10. Nbd2 Qc7 11. g4 Bg6 12. Bxf6 gxf6 13. h4 O-O-O 14. h5 Bxd3 15. Qxd3 Bf4 16. O-O-O e5 17. Qf5+ Kb8 18. Qxf6 e4 19. Ng5 Bxg5 20. Qxg5 Nxd4 21. Kb1 Ne6 22. Qe3 Qf4 23. Qxf4+ Nxf4 24. c4 Nd3 25. Rh2 Ne5 26. cxd5 Rxd5 27. Rg2 Nf3 28. Rg3 Nxd2+ 29. Ka1 Nb3+ 0-1

[Event "British Rapidplay"]
[Site "Peterborough"]
[Date "2025.03.01"]
[Round "5.46"]
[White "Bevis, Noah"]
[Black "Norris, Zack"]
[Result "0-1"]
[WhiteElo "1777"]
[BlackElo "1929"]
[PlyCount "102"]
[EventDate "2025.03.01"]
[EventType "swiss (rapid)"]
[EventRounds "11"]
[EventCountry "ENG"]
[SourceTitle "BritBase"]
[Source "John Saunders"]
[SourceDate "2025.03.03"]
[SourceVersion "1"]
[SourceVersionDate "2025.03.03"]
[SourceQuality "2"]

1. d4 Nf6 2. Bf4 g6 3. Nf3 Bg7 4. e3 O-O 5. Be2 d6 6. h3 b6 7. O-O Bb7 8. c4 Nbd7 9. Nc3 h6 10. Bh2 Ne4 11. Nxe4 Bxe4 12. Nd2 Bb7 13. Bf3 Bxf3 14. Nxf3 e5 15. Qc2 Qe7 16. dxe5 dxe5 17. Rad1 a5 18. Rd5 c6 19. Rd2 Nc5 20. Rfd1 Rac8 21. Ne1 b5 22. Nd3 Ne4 23. Re2 Rfd8 24. f3 Nc5 25. Nf2 Rxd1+ 26. Nxd1 Qe6 27. b3 e4 28. fxe4 Nxe4 29. Qd3 bxc4 30. Qxc4 Rd8 31. Nf2 Nc3 32. Re1 Qxc4 33. bxc4 Nxa2 34. Re2 Nc3 35. Rc2 a4 36. Bc7 Ra8 37. Nd3 a3 38. Nb4 a2 39. Nxa2 Rxa2 40. Rxa2 Nxa2 41. Kf2 Nc3 42. Kf3 Kf8 43. Bd6+ Ke8 44. e4 Kd7 45. e5 Ke6 46. Bb4 Bxe5 47. Ke3 Nd1+ 48. Kd2 Nb2 49. c5 Kd5 50. Kc2 Kc4 51. Ba3 Nd3 0-1

[Event "British Rapidplay"]
[Site "Peterborough"]
[Date "2025.03.01"]
[Round "5.47"]
[White "Ganti, Shriaansh"]
[Black "Parikh, Naavya"]
[Result "1-0"]
[WhiteElo "1980"]
[BlackElo "1741"]
[PlyCount "81"]
[EventDate "2025.03.01"]
[EventType "swiss (rapid)"]
[EventRounds "11"]
[EventCountry "ENG"]
[SourceTitle "BritBase"]
[Source "John Saunders"]
[SourceDate "2025.03.03"]
[SourceVersion "1"]
[SourceVersionDate "2025.03.03"]
[SourceQuality "2"]

1. d4 d5 2. Nf3 Nf6 3. e3 e6 4. Bd3 Bd7 5. Nbd2 Be7 6. O-O O-O 7. b3 c5 8. Bb2 Nc6 9. dxc5 Bxc5 10. e4 dxe4 11. Nxe4 Nxe4 12. Bxe4 Qe7 13. Qe2 Rad8 14. a3 f6 15. b4 Bb6 16. c4 Bc7 17. b5 Na5 18. Bc3 Nb3 19. Rab1 Nc5 20. Bc2 b6 21. Rfd1 e5 22. Bb4 Be6 23. Nd2 Bd6 24. Ne4 Nxe4 25. Qxe4 g6 26. Rdc1 Bc5 27. Qe2 Rc8 28. h4 Qd7 29. Be4 Bf5 30. Rd1 Qf7 31. Bxf5 gxf5 32. Rd5 Rfd8 33. Rbd1 Bd4 34. Rxd8+ Rxd8 35. c5 Rc8 36. c6 Bc5 37. Bxc5 bxc5 38. Qc2 Qf8 39. Qxf5 Rc7 40. Rd7 Rxd7 41. Qxd7 1-0

[Event "British Rapidplay"]
[Site "Peterborough"]
[Date "2025.03.01"]
[Round "5.48"]
[White "Vijayakumar, Rishi"]
[Black "Basher, Ekramul"]
[Result "1-0"]
[WhiteElo "2311"]
[BlackElo "1726"]
[PlyCount "63"]
[EventDate "2025.03.01"]
[EventType "swiss (rapid)"]
[EventRounds "11"]
[EventCountry "ENG"]
[SourceTitle "BritBase"]
[Source "John Saunders"]
[SourceDate "2025.03.03"]
[SourceVersion "1"]
[SourceVersionDate "2025.03.03"]
[SourceQuality "2"]

1. d4 e6 2. c4 Nf6 3. Nf3 d5 4. Nc3 Nc6 5. Bg5 h6 6. Bxf6 gxf6 7. cxd5 exd5 8. g3 Be6 9. Bg2 a6 10. O-O h5 11. Nh4 f5 12. Qd3 Qf6 13. Nxd5 Bxd5 14. Bxd5 O-O-O 15. Bxc6 Qxc6 16. Rac1 Qb6 17. Rc4 Qxb2 18. Rfc1 Bd6 19. Nxf5 Qxa2 20. Qe4 Kb8 21. Nxd6 Rxd6 22. Rxc7 Qd5 23. Qe7 Rb6 24. Rd7 Qe6 25. Rd8+ Rxd8 26. Qxd8+ Ka7 27. Rc8 Rb1+ 28. Kg2 Qe4+ 29. f3 Qxe2+ 30. Kh3 Qe6+ 31. Kh4 b5 32. Qc7# 1-0

[Event "British Rapidplay"]
[Site "Peterborough"]
[Date "2025.03.01"]
[Round "5.49"]
[White "Sennaroglu, Djan"]
[Black "Nicholas, Koichi B"]
[Result "1/2-1/2"]
[WhiteElo "1693"]
[BlackElo "2066"]
[PlyCount "118"]
[EventDate "2025.03.01"]
[EventType "swiss (rapid)"]
[EventRounds "11"]
[EventCountry "ENG"]
[SourceTitle "BritBase"]
[Source "John Saunders"]
[SourceDate "2025.03.03"]
[SourceVersion "1"]
[SourceVersionDate "2025.03.03"]
[SourceQuality "2"]

1. e4 e5 2. Nf3 Nf6 3. d4 exd4 4. e5 Ne4 5. Qxd4 Nc5 6. Bg5 Be7 7. Bxe7 Qxe7 8. Nc3 Ne6 9. Qd2 O-O 10. O-O-O Re8 11. Bc4 Qb4 12. Bb3 Nc6 13. a3 Qa5 14. Rhe1 b5 15. Nd5 Qxd2+ 16. Rxd2 Rb8 17. h4 h6 18. g4 Ne7 19. Nd4 Nxd5 20. Bxd5 Nf4 21. Ba2 d6 22. f3 dxe5 23. Nc6 Rb6 24. Rxe5 Be6 25. Nd4 Ng6 26. Re4 Nxh4 27. Rde2 Rf8 28. Bxe6 fxe6 29. f4 Re8 30. Rxe6 Rexe6 31. Nxe6 Rc6 32. Nd4 Rc4 33. c3 c5 34. Ne6 b4 35. Kd2 bxc3+ 36. bxc3 Ra4 37. Kd3 Rxa3 38. Nxc5 Kf7 39. Ne4 Ra6 40. c4 Ng6 41. Rf2 Ne7 42. Kd4 Ra1 43. Ke5 Re1 44. Kd4 Ke6 45. f5+ Kd7 46. Nc5+ Kc6 47. Ne6 Rd1+ 48. Ke5 Re1+ 49. Kf4 g6 50. Nd4+ Kc5 51. Nb3+ Kxc4 52. Nd2+ Kd3 53. f6 Nd5+ 54. Kg3 Nxf6 55. Rxf6 Kxd2 56. Rxg6 Re3+ 57. Kf4 a5 58. Ra6 Ra3 59. Rxh6 Ra1 1/2-1/2

[Event "British Rapidplay"]
[Site "Peterborough"]
[Date "2025.03.01"]
[Round "5.50"]
[White "Mehta, Sophie"]
[Black "Baer, Bruce L"]
[Result "0-1"]
[WhiteElo "1682"]
[BlackElo "1976"]
[PlyCount "108"]
[EventDate "2025.03.01"]
[EventType "swiss (rapid)"]
[EventRounds "11"]
[EventCountry "ENG"]
[SourceTitle "BritBase"]
[Source "John Saunders"]
[SourceDate "2025.03.03"]
[SourceVersion "1"]
[SourceVersionDate "2025.03.03"]
[SourceQuality "2"]

1. d4 g6 2. Bf4 d6 3. Nc3 Nd7 4. e4 Bg7 5. Qd2 e5 6. dxe5 dxe5 7. Be3 Ngf6 8. Nf3 O-O 9. O-O-O Ng4 10. Bg5 f6 11. Bc4+ Kh8 12. Be3 Re8 13. h4 Nxe3 14. Qxe3 c6 15. h5 g5 16. Qd3 Qe7 17. Qd6 Bf8 18. Qxe7 Bxe7 19. Ne2 Bc5 20. Rhf1 Nb6 21. Bb3 Bg4 22. Ng3 a5 23. a3 a4 24. Ba2 Kg7 25. Nf5+ Bxf5 26. exf5 Rad8 27. Nd2 Rd4 28. f3 Rh4 29. g4 Be3 30. Kb1 Rd8 31. Nc4 Rxd1+ 32. Rxd1 Nd5 33. Nd6 Rh3 34. Bxd5 cxd5 35. Rf1 b6 36. c3 Kf8 37. Nb5 Ke7 38. Kc2 Rh2+ 39. Kb1 Kd7 40. Re1 Bd2 41. Rf1 Kc6 42. Na7+ Kc5 43. Nc8 b5 44. Kc2 Bf4+ 45. Kb1 Kc4 46. Nb6+ Kb3 47. Nxd5 Rxb2+ 48. Ka1 Kxa3 49. Nb4 Kb3 50. Nd3 Rc2 51. Nb4 Rxc3 52. Rb1+ Kc4 53. Nc6 Ra3+ 54. Kb2 Rb3+ 0-1

[Event "British Rapidplay"]
[Site "Peterborough"]
[Date "2025.03.01"]
[Round "5.51"]
[White "Goh, Jinghan Cameron"]
[Black "Shankar, Yashwardhan"]
[Result "1-0"]
[WhiteElo "2102"]
[BlackElo "1767"]
[PlyCount "103"]
[EventDate "2025.03.01"]
[EventType "swiss (rapid)"]
[EventRounds "11"]
[EventCountry "ENG"]
[SourceTitle "BritBase"]
[Source "John Saunders"]
[SourceDate "2025.03.03"]
[SourceVersion "1"]
[SourceVersionDate "2025.03.03"]
[SourceQuality "2"]

1. d4 Nf6 2. c4 g6 3. g3 Bg7 4. Bg2 d6 5. Nf3 O-O 6. O-O c6 7. Nc3 Nbd7 8. h3 h6 9. e4 e5 10. Re1 Nh7 11. Be3 f5 12. Qd2 g5 13. exf5 Nb6 14. b3 Bxf5 15. dxe5 dxe5 16. Rad1 Qe7 17. Qc1 Bxh3 18. Bxh3 Rxf3 19. c5 Nd5 20. Nxd5 cxd5 21. Bg2 Rff8 22. Bxd5+ Kh8 23. Bg2 Nf6 24. c6 bxc6 25. Bc5 Qf7 26. Bxf8 Rxf8 27. Qxc6 h5 28. Qc4 Qg6 29. Be4 Qh6 30. Qc7 h4 31. Rd8 Ne8 32. Qc6 Qh5 33. Bg6 Qg4 34. Rxe8 Qb4 35. Rxf8+ Qxf8 36. Qe8 hxg3 37. fxg3 Qxe8 38. Bxe8 Kg8 39. Bg6 Kf8 40. Rf1+ Kg8 41. Bf7+ Kf8 42. Bd5+ Ke8 43. Rf7 Bf8 44. Kf1 Bc5 45. Rh7 Be7 46. Ke2 Kd7 47. Kd3 Kd6 48. Ke4 Bd8 49. Rxa7 Bb6 50. Ra6 Kc7 51. Rxb6 Kxb6 52. Kxe5 1-0

[Event "British Rapidplay"]
[Site "Peterborough"]
[Date "2025.03.01"]
[Round "5.52"]
[White "Mokhber-Garcia, Sebastian"]
[Black "Takvorian, Sebouh"]
[Result "1-0"]
[WhiteElo "1908"]
[BlackElo "1802"]
[PlyCount "95"]
[EventDate "2025.03.01"]
[EventType "swiss (rapid)"]
[EventRounds "11"]
[EventCountry "ENG"]
[SourceTitle "BritBase"]
[Source "John Saunders"]
[SourceDate "2025.03.03"]
[SourceVersion "1"]
[SourceVersionDate "2025.03.03"]
[SourceQuality "2"]

1. e4 e6 2. c4 c5 3. Nc3 Nc6 4. Nf3 Nge7 5. d4 cxd4 6. Nxd4 Nxd4 7. Qxd4 Nc6 8. Qe3 Be7 9. Bd3 O-O 10. O-O b6 11. Kh1 Ne5 12. Be2 Ng6 13. f4 f5 14. exf5 exf5 15. Bf3 Rb8 16. Bd5+ Kh8 17. Qf3 Qc7 18. Nb5 Qd8 19. Nxa7 Nh4 20. Qd3 Bf6 21. Nb5 Ba6 22. a4 Qe7 23. Nc7 Bb7 24. Bxb7 Rxb7 25. Nd5 Qd6 26. g3 Ng6 27. Qf3 Rbb8 28. Nxf6 Rxf6 29. b3 Re6 30. Bb2 Rbe8 31. Rad1 Qc7 32. Bd4 Re4 33. Bf2 Nf8 34. Rfe1 Qb7 35. Rxe4 Rxe4 36. Kg2 Ne6 37. Rd6 Nc5 38. Rd5 g6 39. g4 Ne6 40. Bg3 Qc7 41. gxf5 Nxf4+ 42. Bxf4 Rxf4 43. Qc3+ Kg8 44. Qe5 Qxe5 45. Rxe5 Rxf5 46. Rxf5 gxf5 47. b4 Kf7 48. a5 1-0

[Event "British Rapidplay"]
[Site "Peterborough"]
[Date "2025.03.01"]
[Round "5.53"]
[White "Reghu, Jyothika U"]
[Black "Waterfield, Mark"]
[Result "0-1"]
[WhiteElo "1767"]
[BlackElo "1913"]
[PlyCount "100"]
[EventDate "2025.03.01"]
[EventType "swiss (rapid)"]
[EventRounds "11"]
[EventCountry "ENG"]
[SourceTitle "BritBase"]
[Source "John Saunders"]
[SourceDate "2025.03.03"]
[SourceVersion "1"]
[SourceVersionDate "2025.03.03"]
[SourceQuality "2"]

1. e4 e6 2. Nf3 d5 3. Nc3 c5 4. exd5 exd5 5. Bb5+ Bd7 6. Qe2+ Ne7 7. Nxd5 Nbc6 8. O-O a6 9. Bxc6 Bxc6 10. Nc3 Qd6 11. d3 O-O-O 12. Ne4 Qd5 13. Bd2 h6 14. Ba5 Rd7 15. Nc3 Qf5 16. Ne5 Rd6 17. Ne4 Qxe5 18. Nxd6+ Qxd6 19. Bc3 Qd5 20. f3 Ng6 21. Bd2 Bd6 22. Qf2 Nf4 23. a3 Qh5 24. Bxf4 Bxf4 25. g3 Bd6 26. Rae1 Qd5 27. Qd2 Qd4+ 28. Kh1 Qxb2 29. Rb1 Qf6 30. Qf2 g5 31. Kg1 h5 32. c3 Qxc3 33. Rbc1 Qf6 34. d4 cxd4 35. Rfd1 Be5 36. Rc5 Rd8 37. Qe2 Bd6 38. Rcc1 Qe5 39. Qd3 Qe3+ 40. Qxe3 dxe3 41. Re1 Bxa3 42. Ra1 Bc5 43. Rac1 Bb6 44. Kg2 Rd2+ 45. Kh3 e2 46. Rc4 Bf2 47. Rxe2 Rxe2 48. f4 Bg1 49. g4 h4 50. fxg5 Rxh2# 0-1